Исследование сорбционных свойств синтетического адсорбента в процессах водоочистки; Энергетика: эффективность, надежность, безопасность; Т. 2

Podrobná bibliografie
Parent link:Энергетика: эффективность, надежность, безопасность: материалы XXI Всероссийской научно-технической конференции, 2-4 декабря 2015 г., Томск/ Национальный исследовательский Томский политехнический университет (ТПУ) [и др.] ; ред. кол. В. В. Литвак [и др.].— , 2015
Т. 2.— 2015.— [С. 187-189]
Korporativní autor: Национальный исследовательский Томский политехнический университет (ТПУ) Институт физики высоких технологий (ИФВТ) Лаборатория № 12
Další autoři: Зарубин В. В., Мартемьянов Д. В. Дмитрий Владимирович, Мартемьянова И. В., Рыков А. В. Андрей Васильевич
Shrnutí:Заглавие с титульного экрана
Jazyk:ruština
Vydáno: 2015
Edice:Экология и защита окружающей среды
Témata:
On-line přístup:http://earchive.tpu.ru/handle/11683/14835
http://www.lib.tpu.ru/fulltext/c/2015/C15/V2/076.pdf
Médium: Elektronický zdroj Kapitola
KOHA link:https://koha.lib.tpu.ru/cgi-bin/koha/opac-detail.pl?biblionumber=616609

MARC

LEADER 00000naa2a2200000 4500
001 616609
005 20250916104804.0
035 |a (RuTPU)RU\TPU\conf\14860 
090 |a 616609 
100 |a 20160113d2015 k y0rusy50 ca 
101 0 |a rus 
102 |a RU 
105 |a y z 101zy 
135 |a drgn ---uucaa 
181 0 |a i  
182 0 |a b 
200 1 |a Исследование сорбционных свойств синтетического адсорбента в процессах водоочистки  |f В. В. Зарубин, Д. В. Мартемьянов, И. В. Мартемьянова, А. В. Рыков 
203 |a Текст  |c электронный 
225 1 |a Экология и защита окружающей среды 
300 |a Заглавие с титульного экрана 
320 |a [Библиогр.: с. 189 (5 назв.)] 
337 |a Adobe Reader 
461 1 |0 (RuTPU)RU\TPU\conf\14426  |t Энергетика: эффективность, надежность, безопасность  |o материалы XXI Всероссийской научно-технической конференции, 2-4 декабря 2015 г., Томск  |o в 2 т.  |f Национальный исследовательский Томский политехнический университет (ТПУ) [и др.] ; ред. кол. В. В. Литвак [и др.]  |d 2015 
463 0 |0 (RuTPU)RU\TPU\conf\14434  |t Т. 2  |v [С. 187-189]  |d 2015 
610 1 |a труды учёных ТПУ 
610 1 |a электронный ресурс 
610 1 |a сорбционные свойства 
610 1 |a адсорбенты 
610 1 |a водоочистка 
701 1 |a Зарубин  |b В. В. 
701 1 |a Мартемьянов  |b Д. В.  |c химик  |c инженер-исследователь Томского политехнического университета  |f 1978-  |g Дмитрий Владимирович  |3 (RuTPU)RU\TPU\pers\30853  |9 15099 
701 1 |a Мартемьянова  |b И. В. 
701 1 |a Рыков  |b А. В.  |c химик  |c высококвалифицированный рабочий Томского политехнического университета  |f 1975-  |g Андрей Васильевич  |3 (RuTPU)RU\TPU\pers\31201 
712 0 2 |a Национальный исследовательский Томский политехнический университет (ТПУ)  |b Институт физики высоких технологий (ИФВТ)  |b Лаборатория № 12  |3 (RuTPU)RU\TPU\col\19054 
801 2 |a RU  |b 63413507  |c 20210127  |g RCR 
856 4 |u http://earchive.tpu.ru/handle/11683/14835 
856 4 |u http://www.lib.tpu.ru/fulltext/c/2015/C15/V2/076.pdf 
942 |c BK